| 000 | 00441nam a2200109Ia 4500 | ||
|---|---|---|---|
| 008 | 170221s9999 xx 000 0 und d | ||
| 100 | _aMohamed Rosli Mohamed Sai | ||
| 245 | _aFinancial Exclusion in Australia: Can Islamic Finance Minimise the Problem? | ||
| 245 | _cMohamed Rosli Mohamed Sain, Mohammad Mafizur Rahman, and Rasheda Khanam | ||
| 650 | _xBusiness | ||
| 856 | _uhttp://ro.uow.edu.au/cgi/viewcontent.cgi?article=1709&context=aabfj | ||
| 999 |
_c307633 _d307633 |
||